LEADER 01535nam 2200505 450 001 9910463314603321 005 20200520144314.0 010 $a1-317-10555-9 010 $a1-317-10554-0 010 $a1-315-59226-6 035 $a(CKB)2670000000350747 035 $a(MiAaPQ)EBC4523572 035 $a(MiAaPQ)EBC1172566 035 $a(Au-PeEL)EBL4523572 035 $a(CaPaEBR)ebr11506467 035 $a(OCoLC)1022790757 035 $a(EXLCZ)992670000000350747 100 $a20180224h20162013 uy 0 101 0 $aeng 135 $aurcnu|||||||| 181 $2rdacontent 182 $2rdamedia 183 $2rdacarrier 200 10$aLetters from the East $ecrusaders, pilgrims and settlers in the 12th-13th centuries /$fMalcolm Barber, A. K. Bate 210 1$aLondon, [England] ;$aNew York, [New York] :$cRoutledge,$d2016. 210 4$dİ2013 215 $a1 online resource (188 pages) $cillustrations 225 1 $aCrusade Texts in Translation ;$vVolume 18 311 $a0-7546-6356-6 320 $aIncludes bibliographical references and index. 410 0$aCrusade texts in translation ;$vVolume 18. 606 $aCrusades 607 $aLatin Orient$xHistory$vSources 608 $aElectronic books. 615 0$aCrusades. 676 $a956.014 700 $aBarber$b Malcolm$0139885 702 $aBate$b A. K. 801 0$bMiAaPQ 801 1$bMiAaPQ 801 2$bMiAaPQ 906 $aBOOK 912 $a9910463314603321 996 $aLetters from the East$92121308 997 $aUNINA LEADER 02785nam 2200481 450 001 9910793299503321 005 20240117094834.0 010 $a1-4963-6741-3 035 $a(CKB)4100000007127019 035 $a(MiAaPQ)EBC6023363 035 $a(EXLCZ)994100000007127019 100 $a20200306d2019 uy 0 101 0 $aeng 181 $ctxt$2rdacontent 181 $csti$2rdacontent 182 $cc$2rdamedia 183 $acr$2rdacarrier 200 00$aBrant and Helms' fundamentals of diagnostic radiology /$feditors, Jeffrey S. Klein [and three others] 205 $aFifth edition. 210 1$aPhiladelphia, Pennsylvania :$cWolters Kluwer,$d[2019] 215 $a1 online resource (1722 pages) $cillustrations (some colour) 300 $aPrevious edition: 2012. 311 0 $a1-4963-6738-3 320 $aIncludes bibliographical references and index. 327 $aSection I: Basic principles -- Section II: Neuroradiology -- Section III: Chest -- Section IV: Breast radiology -- Section V: Cardiac radiology -- Section Vi: Vascular and interventional radiology -- Section VII: Gastrointestinal tract -- Section VIII: Genitourinary tract -- Section IX: Ultrasonograpy -- Section X: Musculoskeletal radiology -- Section XI: Pediatric radiology -- Section XII: Nuclear radiology. 330 $a"Those familiar with previous editions will recognize editors and authors Drs. William Brant and Clyde Helms, who developed the concept of Fundamentals of Diagnostic Radiology 30 years ago. For this fifth edition, Bill has updated his introductory chapter on diagnostic imaging methods and contributed updated material on gastrointestinal and genitourinary radiology and ultrasound. Clyde has updated his section on Musculoskeletal Imaging along with Dr. Emily Vinson, Division Chief of Musculoskeletal Imaging at Duke University Medical Center, who now joins as an editor of Fundamentals. Drs. Erik Gaensler and Jerome Barakos have returned to edit the revised Neuroradiology section. Dr. Jeffrey Klein, along with colleagues from the University of Vermont Medical Center, provides an updated section on Chest Radiology and is now a senior editor of Fundamentals of Diagnostic Radiology"--Provided by publisher. 606 $aDiagnosis, Radioscopic 606 $aRadiography, Interventional 606 $aRadiology 606 $aDiagnostic Imaging 615 0$aDiagnosis, Radioscopic. 615 2$aRadiography, Interventional 615 2$aRadiology 615 12$aDiagnostic Imaging 676 $a616.0757 702 $aKlein$b Jeffrey S. 801 0$bMiAaPQ 801 1$bMiAaPQ 801 2$bMiAaPQ 906 $aBOOK 912 $a9910793299503321 996 $aBrant and Helms' fundamentals of diagnostic radiology$93737975 997 $aUNINA